[Event "Crema op 12th"]
[Site "Crema "]
[Date "2010.09.05"]
[Round "6"]
[White "Raimondi, Giorgio"]
[Black "Peschechera, Francesco"]
[Result "0-1"]
[WhiteElo "1503"]
[BlackElo "1704"]
[PlyCount "55"]
[EventDate "2010.09.05"]
[EventType "swiss"]
[EventRounds "6"]
[EventCountry "ITA"]
[SourceTitle "EXT 2012"]
[Source "ChessBase"]
[SourceDate "2011.11.24"]
[SourceVersion "1"]
[SourceVersionDate "2011.11.24"]
[SourceQuality "1"]

1. e4 e5 2. Nf3 Nc6 3. Bc4 Bc5 4. 0-0 Nf6 5. Nc3 0-0 6. h3 d6 7. Re1 Be6 8. Nd5 Nb4 9. Nxf6+ Qxf6 10. Bb3 Nc6 11. d3 Nd4 12. Nxd4 Bxd4 13. Qe2 Qg6 14. Qf3 Bxb3 15. axb3 f5 16. exf5 Rxf5 17. Qd5+ Kh8 18. Be3 c6 19. Qa5 Bxb2 20. Ra2 Bd4 21. Qb4 Bxe3 22. Rxe3 Rf7 23. d4 Raf8 24. c3 Qb1+ 25. Kh2 Qxa2 26. Qxd6 exd4 27. cxd4 Qxf2 28. Rg3 0-1

[Event "Crema op 11th"]
[Site "Crema"]
[Date "2009.09.06"]
[Round "5"]
[White "Adami, Antonio"]
[Black "Raimondi, Giorgio"]
[Result "1/2-1/2"]
[WhiteElo "1617"]
[BlackElo "1428"]
[PlyCount "109"]
[EventDate "2009.09.04"]
[EventType "swiss"]
[EventRounds "6"]
[EventCountry "ITA"]
[SourceTitle "EXT 2011"]
[Source "ChessBase"]
[SourceDate "2010.11.26"]
[SourceVersion "1"]
[SourceVersionDate "2010.11.26"]
[SourceQuality "1"]

1. e4 c5 2. Nf3 Nc6 3. d4 cxd4 4. Nxd4 d6 5. Be2 g6 6. 0-0 Bg7 7. c3 Nf6 8. f3 0-0 9. Be3 a6 10. a4 Ne5 11. f4 Neg4 12. Bd2 Nh6 13. Bf3 e5 14. fxe5 dxe5 15. Ne2 Qb6+ 16. Kh1 Qxb2 17. Na3 Qb6 18. Nc4 Qc5 19. Ne3 Nhg4 20. Nxg4 Bxg4 21. h3 Bxf3 22. gxf3 Rad8 23. Qc1 Nh5 24. Qc2 Qc4 25. Rf2 Qd3 26. Ra2 Qxc2 27. Rxc2 f5 28. exf5 gxf5 29. Rg2 Nf6 30. Bh6 Rf7 31. Bg5 Rd6 32. h4 Kf8 33. Be3 Rc6 34. a5 e4 35. fxe4 Nxe4 36. Bd4 Bxd4 37. Nxd4 Rxc3 38. Rxc3 Nxc3 39. Ne6+ Ke7 40. Nc5 Kd6 41. Nd3 f4 42. Rg5 Nd5 43. Kg2 f3+ 44. Kf2 h6 45. Rh5 Rf6 46. Kg3 f2 47. Nxf2 Rg6+ 48. Kf3 Nf6 49. Ne4+ Nxe4 50. Kxe4 Kc7 51. Kd5 b6 52. axb6+ Kxb6 53. Kc4 Rc6+ 54. Kb4 Kb7 55. Ka4 1/2-1/2